[Event "XVI Open"]
[Site "Crema ITA"]
[Date "2015.09.06"]
[Round "6"]
[White "Acunzo, Domenico"]
[Black "Swannie, Douglas"]
[WhiteElo "1696"]
[BlackElo "1872"]
[Result "0-1"]
[PlyCount "110"]
[EventDate "2015.09.04"]

1. e4 b6 2. d4 Bb7 3. f3 e6 4. Be3 d5 5. e5 c5 6. Bb5+ Bc6 7. Qe2 a6 8. Bxc6+
Nxc6 9. c3 Nge7 10. f4 Nf5 11. Nf3 h5 12. Bf2 Be7 13. Nbd2 Qd7 14. Nb3 c4 15.
Nbd2 b5 16. Nf1 b4 17. Ne3 Nxe3 18. Bxe3 a5 19. O-O Qd8 20. Qf2 Kd7 21. Ng5 Rf8
22. Qd2 g6 23. Kh1 Qe8 24. Nh7 Rh8 25. Nf6+ Bxf6 26. exf6 Qd8 27. f5 gxf5 28.
Bg5 Rb8 29. Rae1 Na7 30. Re2 Nc8 31. Qf4 Qc7 32. Qe3 Nd6 33. Bh6 Rbe8 34. Bg7
Rh7 35. Rf3 Ne4 36. Rh3 bxc3 37. bxc3 Rb8 38. g3 Rb1+ 39. Kg2 Qb6 40. Rh4 Rb2
41. Bf8 Rxe2+ 42. Qxe2 Nxc3 43. Qc2 Ne4 44. Qa4+ Kc7 45. Rxe4 fxe4 46. Qa3 Kb7
47. Qa4 Ka6 48. Qd7 h4 49. Qc8+ Qb7 50. Qc5 h3+ 51. Kf2 Qb2+ 52. Ke3 Rh5 53.
Qd6+ Qb6 54. Qa3 Rf5 55. Bc5 Rf3+ 0-1

[Event "XVI Open"]
[Site "Crema ITA"]
[Date "2015.09.06"]
[Round "6"]
[White "Bevilacqua, Maurizio"]
[Black "Perico, Gianvittorio"]
[WhiteElo "2074"]
[BlackElo "1892"]
[Result "1/2-1/2"]
[PlyCount "84"]
[EventDate "2015.09.04"]

1. d4 d5 2. Nf3 Nf6 3. c4 e6 4. g3 Be7 5. Bg2 O-O 6. Qc2 c6 7. O-O Nbd7 8. b3
Ne4 9. Bb2 Ndf6 10. Ne5 Qc7 11. c5 h6 12. f3 Ng5 13. Nd2 Nd7 14. f4 Nxe5 15.
dxe5 Nh7 16. b4 Bd7 17. e4 a5 18. a3 Rfe8 19. Bd4 axb4 20. axb4 Reb8 21. Rxa8
Rxa8 22. Qb2 Qc8 23. Nb3 Bf8 24. Be3 Ra7 25. Ra1 Rxa1+ 26. Qxa1 g5 27. Qa7 Qc7
28. Bd4 gxf4 29. gxf4 Bg7 30. exd5 exd5 31. Na5 Bc8 32. b5 Qd7 33. bxc6 bxc6
34. Qb6 Qg4 35. Be3 Qd1+ 36. Kf2 Qc2+ 37. Kg1 Qd1+ 38. Kf2 Qc2+ 39. Kg3 Qg6+
40. Kf2 Qc2+ 41. Kg3 Qg6+ 42. Kf2 Qc2+ 1/2-1/2

[Event "XVI Open"]
[Site "Crema ITA"]
[Date "2015.09.06"]
[Round "6"]
[White "Biava, Pierluigi"]
[Black "Milanesi, Erminio"]
[WhiteElo "1572"]
[BlackElo "1791"]
[Result "0-1"]
[PlyCount "66"]
[EventDate "2015.09.04"]

1. g4 g6 2. Bg2 f6 3. c4 Nh6 4. h3 Nf7 5. Qb3 c6 6. d4 d6 7. Nc3 Bg7 8. Bf4 O-O
9. O-O-O Na6 10. e4 e5 11. Be3 Qe7 12. Nge2 b6 13. Ng3 Bd7 14. Rhe1 Nc7 15. Bf1
Kh8 16. Kb1 Rab8 17. d5 c5 18. f4 exf4 19. Bxf4 Ne5 20. Be2 a6 21. Rh1 b5 22.
Bxe5 Qxe5 23. Rdg1 bxc4 24. Qc2 Rb4 25. Bd1 f5 26. Nge2 f4 27. a3 Rb7 28. Ka2
f3 29. Nc1 Nb5 30. Rh2 Nxc3+ 31. bxc3 f2 32. Rxf2 Rxf2 33. Qxf2 Qxc3 0-1

[Event "XVI Open"]
[Site "Crema ITA"]
[Date "2015.09.06"]
[Round "6"]
[White "Bini, Massimo"]
[Black "Giretti Kanev, Jasen"]
[WhiteElo "1988"]
[BlackElo "2211"]
[Result "0-1"]
[PlyCount "66"]
[EventDate "2015.09.04"]

1. d4 Nf6 2. Bf4 b6 3. e3 Bb7 4. Nd2 d6 5. h3 g6 6. Ngf3 Bg7 7. Be2 O-O 8. O-O
Nbd7 9. Bh2 a6 10. c3 Rc8 11. a4 c5 12. Qb3 d5 13. Ne5 Nxe5 14. Bxe5 Nd7 15.
Bxg7 Kxg7 16. Nf3 Qc7 17. Rfd1 c4 18. Qc2 f6 19. Rdc1 e5 20. b3 e4 21. Nd2 b5
22. axb5 axb5 23. bxc4 bxc4 24. Rcb1 Ra8 25. Rxa8 Rxa8 26. f4 Bc6 27. Qb2 Ra5
28. Qb4 Kf7 29. Qb2 Qa7 30. f5 Ra2 31. Qc1 Qa3 32. fxg6+ hxg6 33. Qe1 Qxc3 0-1

[Event "XVI Open"]
[Site "Crema ITA"]
[Date "2015.09.06"]
[Round "6"]
[White "Bonoldi, Fabio"]
[Black "Nordio, Giorgio"]
[WhiteElo "1788"]
[BlackElo "1856"]
[Result "1-0"]
[PlyCount "85"]
[EventDate "2015.09.04"]

1. c4 c6 2. g3 d5 3. b3 dxc4 4. Nf3 cxb3 5. Qxb3 Qb6 6. Qc2 Bg4 7. Bg2 Nd7 8.
Nc3 e6 9. O-O Ngf6 10. d3 Bd6 11. e4 O-O 12. Be3 Qc7 13. Rab1 e5 14. Rfc1 Rfc8
15. Qb3 b6 16. d4 Bxf3 17. Bxf3 exd4 18. Nb5 Qb8 19. Nxd4 Nc5 20. Qc2 Nfd7 21.
Bg4 Qc7 22. Nf5 Ne6 23. Nxd6 Qxd6 24. Rd1 Qe7 25. f4 c5 26. Qf2 Rd8 27. Bf3
Rac8 28. h4 Nb8 29. f5 Nf8 30. Bf4 f6 31. g4 Rxd1+ 32. Rxd1 Nc6 33. g5 Rd8 34.
gxf6 Rxd1+ 35. Bxd1 gxf6 36. Bb3+ Kh8 37. Qe3 Nd7 38. Bd5 Nd4 39. Kf1 Qg7 40.
h5 Qe7 41. Bh6 Ne5 42. Qg3 Ng6 43. hxg6 1-0

[Event "XVI Open"]
[Site "Crema ITA"]
[Date "2015.09.06"]
[Round "6"]
[White "Brugo, Marco"]
[Black "Miconi, Francesco"]
[WhiteElo "2114"]
[BlackElo "1977"]
[Result "1/2-1/2"]
[PlyCount "45"]
[EventDate "2015.09.04"]

1. d4 Nf6 2. c4 g6 3. Nc3 Bg7 4. e4 d6 5. Be2 O-O 6. Bg5 Na6 7. Nf3 Qe8 8. O-O
e5 9. dxe5 dxe5 10. a3 Nc5 11. Qc2 Bg4 12. Nd5 Nfxe4 13. Be7 c6 14. Bxf8 Qxf8
15. Ne3 Bxf3 16. Bxf3 Ng5 17. Be2 Nge6 18. Rad1 Nd4 19. Qd2 Rd8 20. Qe1 Ncb3
21. Bd3 f5 22. Nc2 e4 23. Nxd4 1/2-1/2

[Event "XVI Open"]
[Site "Crema ITA"]
[Date "2015.09.06"]
[Round "6"]
[White "Casartelli, Fabio"]
[Black "Trifoni, Giorgio"]
[WhiteElo "1816"]
[BlackElo "1644"]
[Result "1-0"]
[PlyCount "91"]
[EventDate "2015.09.04"]

1. e4 c5 2. Nf3 e6 3. d4 cxd4 4. Nxd4 a6 5. Be3 Nc6 6. Nd2 Nf6 7. Be2 Qa5 8.
O-O Bd6 9. Nxc6 bxc6 10. Nc4 Bxh2+ 11. Kxh2 Qb4 12. c3 Qb8+ 13. Qd6 Nxe4 14.
Qxb8 Rxb8 15. f3 d5 16. Ne5 Nf6 17. b4 Bd7 18. Bxa6 O-O 19. Bg5 Bc8 20. Bxc8
Rbxc8 21. Bxf6 gxf6 22. Nd7 Rfd8 23. Nxf6+ Kg7 24. Nh5+ Kg6 25. Nf4+ Kf5 26.
Nd3 Ra8 27. Rfe1 Ra3 28. Rec1 Rda8 29. Rc2 h5 30. Kg1 h4 31. Kf2 f6 32. Nc1 e5
33. Ne2 Rg8 34. Rh1 Kg5 35. Rh3 Rga8 36. Nc1 f5 37. g3 hxg3+ 38. Rxg3+ Kf6 39.
Rh3 Kg6 40. c4 d4 41. Rg3+ Kf6 42. f4 R3a4 43. fxe5+ Kxe5 44. Rg6 Rh8 45. Re2+
Kf4 46. Nd3# 1-0

[Event "XVI Open"]
[Site "Crema ITA"]
[Date "2015.09.06"]
[Round "6"]
[White "Colombo, Luca"]
[Black "Pricop, Mihail"]
[WhiteElo "1836"]
[BlackElo "1440"]
[Result "1-0"]
[PlyCount "85"]
[EventDate "2015.09.04"]

1. e4 g6 2. d4 Bg7 3. Nf3 d6 4. Nc3 Nf6 5. Bc4 O-O 6. O-O e6 7. Bg5 Qd7 8. Qe2
b6 9. e5 Ne8 10. Rfd1 d5 11. Bd3 c5 12. Bb5 Nc6 13. Bxc6 Qxc6 14. Be7 c4 15.
Bxf8 Bxf8 16. Qe3 f6 17. Ne2 Bg7 18. c3 Qc7 19. exf6 Nxf6 20. Ne5 Nd7 21. f4
Bh6 22. Qh3 Kg7 23. Qxe6 Nf6 24. Qc6 Qxc6 25. Nxc6 Bg4 26. Re1 Bxe2 27. Rxe2
Bxf4 28. Re7+ Kh6 29. Rxa7 Re8 30. Re7 Rf8 31. g3 Bd6 32. Re6 Ne4 33. Rf1 Rxf1+
34. Kxf1 Kg7 35. Re8 Kf7 36. Ra8 h5 37. Kg2 Kf6 38. Ra6 Bc7 39. Nb4 Ke6 40. Ra8
Nf6 41. Rc8 Kd7 42. Rf8 Ke7 43. Rxf6 1-0

[Event "XVI Open"]
[Site "Crema ITA"]
[Date "2015.09.06"]
[Round "6"]
[White "De Palma, Fabrizio"]
[Black "Castrogiovanni, Carlo"]
[WhiteElo "2076"]
[BlackElo "1956"]
[Result "1/2-1/2"]
[PlyCount "40"]
[EventDate "2015.09.04"]

1. c4 e5 2. g3 c6 3. d4 d6 4. Nc3 Be6 5. d5 cxd5 6. Nxd5 Bxd5 7. Qxd5 Nc6 8.
Nf3 Nf6 9. Qb5 Qd7 10. Bg2 Be7 11. O-O a6 12. Qa4 O-O 13. Qd1 Rad8 14. b3 d5
15. cxd5 Nxd5 16. Bb2 f6 17. Rc1 Qe6 18. Qc2 e4 19. Ne1 f5 20. Qb1 Bf6 1/2-1/2

[Event "XVI Open"]
[Site "Crema ITA"]
[Date "2015.09.06"]
[Round "6"]
[White "Distratis, Gianluca"]
[Black "Colonetti, Fabio"]
[WhiteElo "1955"]
[BlackElo "1712"]
[Result "1-0"]
[PlyCount "61"]
[EventDate "2015.09.04"]

1. e4 Nf6 2. e5 Nd5 3. d4 d6 4. Nf3 g6 5. Nc3 Nb6 6. Bf4 Bg7 7. Qd2 dxe5 8.
Bxe5 O-O 9. Bxg7 Kxg7 10. O-O-O c6 11. h4 h5 12. Ne4 Nd5 13. Bd3 Qc7 14. Ne5
Nd7 15. Qg5 Nxe5 16. dxe5 Bf5 17. Ng3 Bxd3 18. Nxh5+ Kh7 19. Rxd3 Qb6 20. Nf4
Nb4 21. h5 Nxd3+ 22. Nxd3 Kg7 23. hxg6 Rh8 24. gxf7+ Kxf7 25. e6+ Kxe6 26. Qe5+
Kf7 27. Rxh8 Rxh8 28. Qxh8 Qa5 29. Ne5+ Ke6 30. Qg8+ Kd6 31. Nc4+ 1-0

[Event "XVI Open"]
[Site "Crema ITA"]
[Date "2015.09.06"]
[Round "6"]
[White "Finelli, Carmine"]
[Black "Oteri, Aldo"]
[WhiteElo "1385"]
[BlackElo "1783"]
[Result "0-1"]
[PlyCount "44"]
[EventDate "2015.09.04"]

1. e4 e6 2. Nf3 d5 3. exd5 exd5 4. d4 Bg4 5. c3 Bd6 6. Nbd2 Nf6 7. Qb3 O-O 8.
Be2 Qe7 9. h3 Bh5 10. g4 Bg6 11. Nf1 Re8 12. Ne3 Bf4 13. Qxb7 Nbd7 14. Qb3 Bxe3
15. Bxe3 Ne4 16. Qd1 Rab8 17. Qc1 Rb6 18. a3 Re6 19. Rh2 Nxf2 20. Kxf2 Rxe3 21.
Ne5 Nxe5 22. Qxe3 Nd3+ 0-1

[Event "XVI Open"]
[Site "Crema ITA"]
[Date "2015.09.06"]
[Round "6"]
[White "Folcini, Gaddo"]
[Black "Ranfagni, Stefano"]
[WhiteElo "1585"]
[BlackElo "1941"]
[Result "0-1"]
[PlyCount "56"]
[EventDate "2015.09.04"]

1. e4 e6 2. d4 d5 3. e5 c5 4. c3 Nc6 5. Qg4 Bd7 6. Nf3 cxd4 7. cxd4 Qb6 8. Be2
h5 9. Qf4 Nh6 10. O-O Nf5 11. Be3 g6 12. Nbd2 Bh6 13. Ng5 Ncxd4 14. Bxd4 Qxd4
15. Nde4 Bxg5 16. Nd6+ Kf8 17. Qxg5 Qxe5 18. Nxb7 Kg7 19. Rae1 Qc7 20. g4 hxg4
21. f4 gxf3 22. Rf2 fxe2 23. Rexe2 Qxb7 24. Rf4 Qb6+ 25. Ref2 Rh5 26. Qg4 Rah8
27. Qf3 Rxh2 28. Qc3+ f6 0-1

[Event "XVI Open"]
[Site "Crema ITA"]
[Date "2015.09.06"]
[Round "6"]
[White "Giuriato, Sergio"]
[Black "Goldoni, Claudio"]
[WhiteElo "1918"]
[BlackElo "2071"]
[Result "0-1"]
[PlyCount "76"]
[EventDate "2015.09.04"]

1. d4 d5 2. c4 e6 3. Nc3 Nf6 4. Bg5 Be7 5. e3 Nbd7 6. Nf3 O-O 7. Rc1 a6 8. cxd5
exd5 9. Bd3 c6 10. O-O Re8 11. h3 Bd6 12. e4 dxe4 13. Nxe4 Be7 14. Ng3 h6 15.
Bd2 Nb6 16. Ba5 Bd6 17. Ne5 Be6 18. Re1 Bc7 19. Bb1 Nbd5 20. Bxc7 Qxc7 21. Qd2
Rad8 22. Nf5 Bxf5 23. Bxf5 Qd6 24. a3 Ne7 25. Qc2 Qxd4 26. Qb3 Rd5 27. Rc4 Qa7
28. Bb1 Rd2 29. Rf4 Ned5 30. Rxf6 Rxe5 31. Rxe5 Nxf6 32. Rf5 Qd4 33. Ba2 Qd7
34. g4 Rd3 35. Qc2 Rxh3 36. Kg2 Rh4 37. f4 Rxg4+ 38. Kf3 Rg1 0-1

[Event "XVI Open"]
[Site "Crema ITA"]
[Date "2015.09.06"]
[Round "6"]
[White "Lima, Francesco"]
[Black "Pinna, Ferdinando"]
[WhiteElo "1651"]
[BlackElo "1862"]
[Result "0-1"]
[PlyCount "56"]
[EventDate "2015.09.04"]

1. Nf3 Nf6 2. g3 g6 3. Bg2 Bg7 4. d4 d5 5. O-O O-O 6. Nbd2 Nbd7 7. c4 c6 8. b3
Ne4 9. Nxe4 dxe4 10. Ng5 Nf6 11. e3 Bf5 12. Nh3 Qd7 13. Nf4 Bg4 14. f3 exf3 15.
Bxf3 e5 16. Bxg4 Nxg4 17. h3 Nxe3 18. Bxe3 exf4 19. Rxf4 Qxh3 20. Qf3 Rae8 21.
Bd2 Qd7 22. Bc3 Bh6 23. Rh4 Re3 24. Qf2 Rxc3 25. Rxh6 Qg4 26. Kg2 Re8 27. Rh4
Rxg3+ 28. Qxg3 Re2+ 0-1

[Event "XVI Open"]
[Site "Crema ITA"]
[Date "2015.09.06"]
[Round "6"]
[White "Maffeis, Fabio"]
[Black "Gnata, Ilaria"]
[WhiteElo "1594"]
[BlackElo "1294"]
[Result "1-0"]
[PlyCount "97"]
[EventDate "2015.09.04"]

1. d4 Nf6 2. c4 g6 3. Nf3 Bg7 4. g3 O-O 5. Bg2 d6 6. O-O c5 7. dxc5 dxc5 8. Be3
Nfd7 9. Qb3 Nc6 10. Nbd2 Qb6 11. Rab1 Nd4 12. Qd1 Nf6 13. Nxd4 cxd4 14. c5 Qxc5
15. Nb3 Qd6 16. Qxd4 Qxd4 17. Bxd4 Bf5 18. Rbc1 Ne8 19. Bxg7 Kxg7 20. Bxb7 Rb8
21. Bf3 Be6 22. Rc3 Bxb3 23. Rxb3 Rxb3 24. axb3 Nd6 25. Rc1 Kf6 26. Bd5 Rb8 27.
Rc3 Ke5 28. Rd3 e6 29. f4+ Kf6 30. Bf3 Ke7 31. Kf2 Rb4 32. Ke1 Nf5 33. Kd2 Rd4
34. e4 Rxd3+ 35. Kxd3 Nd6 36. b4 Kd7 37. Kd4 Kc6 38. e5+ Kb5 39. exd6 Kb6 40.
Kc4 f6 41. Be4 f5 42. Bf3 h6 43. d7 Kc7 44. Bc6 g5 45. Kd4 Kd8 46. Ke5 Ke7 47.
b5 g4 48. d8=Q+ Kxd8 49. Kxe6 1-0

[Event "XVI Open"]
[Site "Crema ITA"]
[Date "2015.09.06"]
[Round "6"]
[White "Mansueti, Marco"]
[Black "Bongiorni, Gabriele"]
[WhiteElo "1862"]
[BlackElo "1817"]
[Result "1/2-1/2"]
[PlyCount "90"]
[EventDate "2015.09.04"]

1. d4 d5 2. e3 Nf6 3. f4 Bf5 4. Bd3 e6 5. Nf3 c5 6. c3 Bxd3 7. Qxd3 Nbd7 8.
Nbd2 Be7 9. O-O Qc7 10. Ne5 h6 11. Ndf3 Ne4 12. Nxd7 Qxd7 13. Ne5 c4 14. Nxc4
dxc4 15. Qxe4 Qd5 16. Qf3 f5 17. Bd2 Kd7 18. Rac1 Qe4 19. Qxe4 fxe4 20. b3 b5
21. bxc4 bxc4 22. Rb1 Rab8 23. Rfd1 Kc6 24. Kf2 Rb6 25. Rxb6+ axb6 26. Bc1 Ra8
27. Rd2 b5 28. Rc2 g6 29. Kg3 Kd5 30. Kh3 b4 31. Bd2 b3 32. axb3 cxb3 33. c4+
Kc6 34. Rb2 Ra2 35. Bc3 Rxb2 36. Bxb2 Kb6 37. Kg3 Ka5 38. Kf2 Kb4 39. c5 Kc4
40. Ke2 Bd8 41. g4 Bc7 42. h3 Bd8 43. Kd2 Ba5+ 44. Ke2 Bd8 45. Kd2 Ba5+ 1/2-1/2

[Event "XVI Open"]
[Site "Crema ITA"]
[Date "2015.09.06"]
[Round "6"]
[White "Marchesotti, Giovanni"]
[Black "Cassi, Elisa"]
[WhiteElo "1517"]
[BlackElo "1495"]
[Result "1/2-1/2"]
[PlyCount "76"]
[EventDate "2015.09.04"]

1. Nf3 Nc6 2. d4 d5 3. e3 Bg4 4. Nbd2 e5 5. dxe5 Nxe5 6. h3 Bxf3 7. Nxf3 Bd6 8.
Be2 Nf6 9. Bd2 O-O 10. Bc3 Re8 11. Nxe5 Bxe5 12. Bxe5 Rxe5 13. O-O Qd7 14. c4
Rae8 15. Bf3 Rg5 16. Bxd5 Nxd5 17. h4 Rf5 18. cxd5 Rxd5 19. Qf3 Rf5 20. Qe2 Re6
21. Rfd1 Qe7 22. Qd3 Rh5 23. Qd8+ Qe8 24. Qxc7 Qb5 25. Rd8+ Re8 26. Rad1 Rhe5
27. Rxe8+ Rxe8 28. Rd8 h6 29. Rxe8+ Qxe8 30. Qxb7 Qd8 31. Qxa7 Qd1+ 32. Kh2
Qd6+ 33. g3 Qd2 34. Qa8+ Kh7 35. Qf3 f6 36. Qf5+ Kh8 37. Qc8+ Kh7 38. Qf5+ Kh8
1/2-1/2

[Event "XVI Open"]
[Site "Crema ITA"]
[Date "2015.09.06"]
[Round "6"]
[White "Marinelli, Guido"]
[Black "Tedoldi, Guido"]
[WhiteElo "1422"]
[BlackElo "1512"]
[Result "0-1"]
[PlyCount "84"]
[EventDate "2015.09.04"]

1. c3 c5 2. h3 Nc6 3. Nf3 e5 4. d3 d5 5. a3 Nf6 6. g4 Be6 7. Nbd2 Be7 8. Ng5
O-O 9. Nxe6 fxe6 10. g5 Nh5 11. Rh2 Bxg5 12. e3 g6 13. Rg2 Ng7 14. Nf3 Bh4 15.
Qe2 e4 16. Nxh4 Qxh4 17. Rh2 Ne5 18. Kd1 Nxd3 19. Bd2 Rf3 20. Be1 Raf8 21. Kc2
Nxe1+ 22. Rxe1 Rxf2 23. Rxf2 Rxf2 24. Kd1 Rxe2 25. Rxe2 Nf5 26. c4 Ng3 27. Bg2
Nxe2 28. Kxe2 Qg3 29. Bh1 Qh2+ 30. Ke1 Qxh1+ 31. Kd2 Qxh3 32. cxd5 exd5 33. b3
g5 34. a4 g4 35. Kc3 Qxe3+ 36. Kb2 g3 37. Ka3 g2 38. a5 g1=Q 39. Ka4 Qa1+ 40.
Kb5 Qxb3+ 41. Kxc5 Qc1+ 42. Kd4 Qcc3# 0-1

[Event "XVI Open"]
[Site "Crema ITA"]
[Date "2015.09.06"]
[Round "6"]
[White "Masotti, Roberto"]
[Black "Giordano, Massimiliano"]
[WhiteElo "1859"]
[BlackElo "1977"]
[Result "1-0"]
[PlyCount "33"]
[EventDate "2015.09.04"]

1. b3 d5 2. Bb2 c6 3. e3 Bf5 4. f4 e6 5. Nf3 Nf6 6. Be2 h6 7. O-O Bd6 8. Ne5
O-O 9. g4 Bh7 10. Kh1 Nfd7 11. Bf3 Qc7 12. d4 f6 13. Nd3 e5 14. dxe5 fxe5 15.
fxe5 Nxe5 16. Nxe5 Bxe5 17. Bxd5+ 1-0

[Event "XVI Open"]
[Site "Crema ITA"]
[Date "2015.09.06"]
[Round "6"]
[White "Palma, Maria"]
[Black "Scarabelli, Maurizio"]
[WhiteElo "1987"]
[BlackElo "1739"]
[Result "1-0"]
[PlyCount "111"]
[EventDate "2015.09.04"]

1. Nf3 c5 2. c4 Nf6 3. g3 d6 4. Bg2 e6 5. O-O Be7 6. Nc3 O-O 7. d4 cxd4 8. Nxd4
a6 9. b3 Qc7 10. Bb2 Bd7 11. Qd2 Nc6 12. Rfd1 Nxd4 13. Qxd4 Bc6 14. Rac1 Bxg2
15. Kxg2 Qc5 16. Rd2 Qxd4 17. Rxd4 Rfd8 18. Rcd1 Rd7 19. Ba3 d5 20. Bxe7 Rxe7
21. cxd5 exd5 22. e3 Kf8 23. Nxd5 Nxd5 24. Rxd5 Ke8 25. Kf3 Rc8 26. e4 f6 27.
Ke3 Rc2 28. R1d2 Rc1 29. f3 Rc3+ 30. R5d3 Rc1 31. Rd8+ Kf7 32. R8d7 Rc3+ 33.
R2d3 Rc2 34. Rxe7+ Kxe7 35. Rd2 Rc3+ 36. Ke2 Rc1 37. Kd3 Rc7 38. Rc2 Rd7+ 39.
Ke3 Ke6 40. f4 g6 41. Rc8 Kf7 42. e5 fxe5 43. fxe5 Re7 44. Ke4 Ke6 45. Rd8 Rc7
46. Rd6+ Ke7 47. Rb6 Kf7 48. e6+ Kf8 49. Kd5 Ke7 50. Rb4 g5 51. h4 h6 52. Rc4
Rc6 53. Rxc6 bxc6+ 54. Ke5 gxh4 55. gxh4 a5 56. h5 1-0

[Event "XVI Open"]
[Site "Crema ITA"]
[Date "2015.09.06"]
[Round "6"]
[White "Persico, Lorenzo"]
[Black "Raimondi, Celso"]
[WhiteElo "1443"]
[BlackElo "1609"]
[Result "0-1"]
[PlyCount "64"]
[EventDate "2015.09.04"]

1. e4 c5 2. Nc3 a6 3. g3 Nc6 4. Bg2 Nf6 5. d3 e6 6. Bg5 Be7 7. Nge2 Qc7 8. Bd2
Rb8 9. f4 d6 10. O-O b5 11. Qc1 Bd7 12. h3 Rc8 13. g4 Nd4 14. Qe1 Nxc2 15. Qg3
Nxa1 16. Rxa1 b4 17. Nd1 Bc6 18. Ne3 Bb5 19. g5 Nd7 20. Ng4 Qd8 21. h4 Bc6 22.
f5 exf5 23. exf5 Bxg2 24. Kxg2 f6 25. Qe3 Ne5 26. gxf6 Bxf6 27. Nxf6+ Qxf6 28.
d4 cxd4 29. Qxd4 O-O 30. Bg5 Qxf5 31. Qg1 Qf3+ 32. Kh2 Ng4+ 0-1

[Event "XVI Open"]
[Site "Crema ITA"]
[Date "2015.09.06"]
[Round "6"]
[White "Piana, Bruno"]
[Black "Menato, Nazario"]
[WhiteElo "1410"]
[BlackElo "1529"]
[Result "1-0"]
[PlyCount "55"]
[EventDate "2015.09.04"]

1. e4 b6 2. d4 Bb7 3. Nc3 e6 4. Nf3 d6 5. Bd3 g6 6. e5 a6 7. O-O Bg7 8. Re1 Ne7
9. Bg5 Nd7 10. exd6 cxd6 11. Be4 d5 12. Bxe7 Kxe7 13. Bxd5 Bxd5 14. Nxd5+ Kf8
15. Nc3 h5 16. Ne5 Nf6 17. Qf3 Kg8 18. Rad1 Rc8 19. Qb7 Qe8 20. Nxf7 Rh7 21.
Ng5 Rb8 22. Rxe6 Bf8 23. Qxa6 Re7 24. Rxe7 Qxe7 25. Qc4+ Kg7 26. Qe6 Qc7 27.
Qe5 Bd6 28. Ne6+ 1-0

[Event "XVI Open"]
[Site "Crema ITA"]
[Date "2015.09.06"]
[Round "6"]
[White "Riboldi, Raffaele"]
[Black "Pisani, Valerio"]
[WhiteElo "1839"]
[BlackElo "1739"]
[Result "1-0"]
[PlyCount "57"]
[EventDate "2015.09.04"]

1. d4 Nf6 2. c4 g6 3. Nc3 Bg7 4. e4 d6 5. Nge2 Nc6 6. d5 Ne5 7. Ng3 h5 8. Be2
h4 9. Nf1 c6 10. h3 c5 11. Ne3 Nh5 12. Bxh5 Rxh5 13. O-O Nd7 14. f4 Nb6 15. f5
Rh7 16. fxg6 fxg6 17. Qf3 Bd4 18. Kh1 Bxe3 19. Bxe3 Nxc4 20. Bg5 Ne5 21. Qf2
Kd7 22. Bxh4 Kc7 23. Bg3 Ng4 24. Qxc5+ Kb8 25. Qd4 Qb6 26. Qxb6 axb6 27. Kg1
Nf6 28. Bxd6+ exd6 29. Rxf6 1-0

[Event "XVI Open"]
[Site "Crema ITA"]
[Date "2015.09.06"]
[Round "6"]
[White "Righini, Giovanni"]
[Black "Piccirillo, Edoardo"]
[WhiteElo "1891"]
[BlackElo "2061"]
[Result "0-1"]
[PlyCount "102"]
[EventDate "2015.09.04"]

1. e4 c5 2. c3 Nf6 3. e5 Nd5 4. d4 cxd4 5. Nf3 e6 6. cxd4 Nc6 7. Bc4 Nb6 8. Bb3
d6 9. O-O Be7 10. Nc3 O-O 11. Qe2 Nd7 12. exd6 Bxd6 13. Ne4 Be7 14. d5 exd5 15.
Bxd5 Nb4 16. Bb3 Nc5 17. Rd1 Qc7 18. Bxf7+ Rxf7 19. Neg5 Rf6 20. a3 Nc6 21. b4
Ne6 22. b5 Ncd8 23. Bb2 Rg6 24. Be5 Qb6 25. h4 a6 26. Rd5 axb5 27. Rxb5 Qc6 28.
Nd4 Qe8 29. f4 Bxg5 30. Nxe6 Bxe6 31. h5 Rh6 32. fxg5 Qxh5 33. Qxh5 Rxh5 34.
Bc7 h6 35. Rd1 Nf7 36. Re1 Rxg5 37. Rxb7 Bd5 38. Rb2 Rxa3 39. Re8+ Kh7 40. Bf4
Ra1+ 41. Kh2 Rf5 42. Be3 Ra2 43. Rxa2 Bxa2 44. Rf8 Bd5 45. g3 Kg6 46. Bf4 Ng5
47. Rb8 Nf3+ 48. Kg2 Rh5 49. Rb6+ Kf5 50. Rd6 Rh2+ 51. Kf1 Bc4+ 0-1

[Event "XVI Open"]
[Site "Crema ITA"]
[Date "2015.09.06"]
[Round "6"]
[White "Tagliaferri, Valerio"]
[Black "Popovich, Fabio"]
[WhiteElo "1830"]
[BlackElo "2018"]
[Result "1/2-1/2"]
[PlyCount "81"]
[EventDate "2015.09.04"]

1. d4 Nf6 2. c4 g6 3. Nc3 d5 4. cxd5 Nxd5 5. e4 Nxc3 6. bxc3 c5 7. Bb5+ Bd7 8.
Bxd7+ Qxd7 9. Ne2 Bg7 10. O-O O-O 11. Be3 cxd4 12. cxd4 Nc6 13. Qa4 Rfd8 14.
Rfd1 a6 15. Rac1 b5 16. Qa3 Qb7 17. d5 Ne5 18. Bd4 Nc4 19. Qc3 Bxd4 20. Nxd4
Rac8 21. Qb4 Ne5 22. Qb3 Qb6 23. Rc2 Rc7 24. a4 Rxc2 25. Nxc2 Qc5 26. axb5 axb5
27. Ne3 Rb8 28. Kf1 Nd7 29. Ke2 Qd6 30. h3 Qe5 31. f3 Nf6 32. Rb1 Ne8 33. Qd3
Nd6 34. Kf2 Ra8 35. Qe2 h5 36. Qb2 Qf4 37. Qc2 Qe5 38. Qb2 Qf4 39. Qc2 Ra3 40.
Nf1 Rc3 41. Qe2 1/2-1/2

[Event "XVI Open"]
[Site "Crema ITA"]
[Date "2015.09.06"]
[Round "6"]
[White "Tahiraj, Almir"]
[Black "Ventura, Salvatore"]
[WhiteElo "1855"]
[BlackElo "2083"]
[Result "0-1"]
[PlyCount "92"]
[EventDate "2015.09.04"]

1. f4 c5 2. Nf3 g6 3. e3 Bg7 4. d4 Nf6 5. c3 O-O 6. Bd3 d6 7. O-O Nc6 8. Qe2 e5
9. dxe5 dxe5 10. Bc4 e4 11. Nfd2 Na5 12. Bb5 Bd7 13. Nb3 Qb6 14. Bxd7 Nxb3 15.
axb3 Nxd7 16. Qc4 Qc6 17. Na3 a6 18. Rd1 Nb6 19. Qe2 Rad8 20. Bd2 Rd3 21. Be1
Rfd8 22. Rd2 Rxd2 23. Bxd2 Qd5 24. Be1 Qxb3 25. h3 Rd3 26. Bf2 Na4 27. Rb1 b5
28. Qg4 f5 29. Qg5 Qe6 30. h4 h6 31. Qg3 Kh7 32. h5 gxh5 33. Nc2 Qg6 34. Qh3
Qg4 35. Qh2 Rd1+ 36. Rxd1 Qxd1+ 37. Ne1 Nxb2 38. Qh4 Nd3 39. Kh2 Nxe1 40. Bxe1
a5 41. Bg3 Qd7 42. Qxh5 Bxc3 43. Qe2 Bg7 44. Qc2 c4 45. Bh4 c3 46. g4 Qd2+ 0-1

[Event "XVI Open"]
[Site "Crema ITA"]
[Date "2015.09.06"]
[Round "6"]
[White "Takahashi, Saera"]
[Black "Cremonese, Giuseppina"]
[WhiteElo "1545"]
[BlackElo "1437"]
[Result "1-0"]
[PlyCount "57"]
[EventDate "2015.09.04"]

1. Nf3 d5 2. g3 Nf6 3. Bg2 e6 4. c3 Be7 5. d3 O-O 6. O-O Nc6 7. Nbd2 e5 8. e4
Bg4 9. h3 Bh5 10. Re1 Bc5 11. Qc2 Re8 12. Nf1 Qd6 13. Be3 b6 14. Bxc5 Qxc5 15.
a3 a5 16. N3d2 Qe7 17. exd5 Nb8 18. d6 cxd6 19. Bxa8 Nbd7 20. Bg2 Nd5 21. Bxd5
Nf6 22. Bf3 Bg6 23. Ne4 Nd7 24. d4 Qe6 25. g4 exd4 26. Nf6+ Kh8 27. Rxe6 Bxc2
28. Rxe8+ Nf8 29. Rxf8# 1-0

[Event "XVI Open"]
[Site "Crema ITA"]
[Date "2015.09.06"]
[Round "6"]
[White "Ventura, Franco"]
[Black "Vuelban, Virgilio"]
[WhiteElo "2088"]
[BlackElo "2327"]
[Result "0-1"]
[PlyCount "84"]
[EventDate "2015.09.04"]

1. d4 Nf6 2. c4 g6 3. Nc3 d5 4. e3 Bg7 5. Nf3 O-O 6. b4 dxc4 7. Bxc4 Qd6 8. Qb3
e6 9. Ba3 Re8 10. O-O a6 11. b5 Qd8 12. Bb2 axb5 13. Bxb5 c6 14. Be2 Nbd7 15.
Rfd1 Qa5 16. a4 b6 17. Nd2 Ba6 18. Bf3 Rac8 19. Nde4 Red8 20. Nd6 Qg5 21. Nxc8
Rxc8 22. Ne4 Nxe4 23. Bxe4 c5 24. Rac1 c4 25. Qa2 Nf6 26. Bf3 Nd5 27. Ba3 Qd8
28. Be2 Qc7 29. Rc2 Qc6 30. e4 Nf4 31. d5 Qxa4 32. Bf3 exd5 33. exd5 c3 34. d6
Bc4 35. d7 Rd8 36. Qb1 Qxa3 37. Qxb6 Qe7 38. Bc6 Bd3 39. Rcc1 Ne2+ 40. Kh1 Nxc1
41. Rxc1 Bf6 42. Qc7 c2 0-1

[Event "XVI Open"]
[Site "Crema ITA"]
[Date "2015.09.06"]
[Round "6"]
[White "Volpati, Antonio"]
[Black "Grillo, Francesco"]
[WhiteElo "1644"]
[BlackElo "1806"]
[Result "1/2-1/2"]
[PlyCount "71"]
[EventDate "2015.09.04"]

1. e4 Nf6 2. Nc3 d5 3. exd5 Nxd5 4. Nxd5 Qxd5 5. Nf3 Bg4 6. Be2 Nc6 7. O-O g6
8. c3 Bg7 9. d4 O-O 10. Bf4 Rac8 11. Ne5 Bxe2 12. Qxe2 e6 13. Ng4 Ne7 14. Bh6
Rfd8 15. Bxg7 Kxg7 16. Qe3 Qh5 17. Qe5+ Qxe5 18. Nxe5 c5 19. dxc5 Rxc5 20. Nf3
b5 21. Rac1 Rdc8 22. Nd4 a6 23. Nb3 R5c7 24. Rfd1 Nd5 25. a3 Nb6 26. Rd6 Nc4
27. Rxa6 Nxb2 28. g3 Rxc3 29. Rxc3 Rxc3 30. Nd4 Nc4 31. Nxb5 Rc1+ 32. Kg2 Ra1
33. a4 h5 34. Ra7 Kf6 35. Nd4 Rd1 36. Nc6 1/2-1/2